10 Southernmost U.S. State Capitals - Statistics

General Stats
  • This quiz has been taken 39,137 times
  • The average score is 8 of 10
Answer Stats
Latitude Capital City % Correct
30.30 °N Austin
94%
30.38 °N Tallahassee
89%
33.43 °N Phoenix
86%
33.65 °N Atlanta
84%
30.53 °N Baton Rouge
82%
21.52 °N Honolulu
82%
32.32 °N Jackson
78%
32.38 °N Montgomery
69%
34.73 °N Little Rock
60%
33.95 °N Columbia
50%
No matching quizzes found
Score Distribution
Percent of People with Each Score
Percentile by Number Answered
Your Score History
You have not taken this quiz